The Bible and the schools /

Bibliographic Details
Main Author: Douglas, William O. (William Orville), 1898-1980
Format: Book
Language:English
Published: Boston : Little, Brown, [1966]
Subjects:

MARC

Tag First Indicator Second Indicator Subfields
LEADER 00000cam a2200000 4500
001 in00000080616
005 20151008052948.0
008 720103s1966 mau b 00000 eng u
010 |a  66010975  
035 |a (OCoLC)00189601 
035 |9 AAH5638AM 
040 |c WSU  |d TXA  |d UtOrBLW 
049 |a TXAM  |c [462798] 
050 0 |a LC111  |b .D78 
092 |a 377.1  |b D737b, 1966 
100 1 |a Douglas, William O.  |q (William Orville),  |d 1898-1980. 
245 1 4 |a The Bible and the schools /  |c by William O. Douglas. 
264 1 |a Boston :  |b Little, Brown,  |c [1966] 
264 4 |c [©1966] 
300 |a 65 pages 
336 |a text  |b txt  |2 rdacontent 
337 |a unmediated  |b n  |2 rdamedia 
338 |a volume  |b nc  |2 rdacarrier 
650 0 |a Religion in the public schools. 
650 0 |a Church and state  |z United States. 
999 |a MARS 
999 f f |s f63c6709-d055-3f42-b01c-cc804fcbb396  |i e01ca30e-71bf-3c46-b76b-0d9ee47dca86  |t 0 
952 f f |p normal  |a Texas A&M University  |b College Station  |c Sterling C. Evans Library  |d Evans: Library Stacks  |t 0  |e LC111 .D78  |h Library of Congress classification  |i unmediated -- volume  |m A14800859634 
998 f f |a LC111 .D78  |t 0  |l Evans: Library Stacks